Statistics for Magyarország megyéi

Click here to take the quiz!

General Stats

  • This quiz has been taken 335 times
  • The average score is 17 of 20

Answer Stats

MegyeszékhelyekMegye% Correct
BudapestPest
98%
GyőrGyőr-Moson-Sopron
95%
ZalaegerszegZala
95%
BékéscsabaBékés
91%
SzékesfehérvárFejér
88%
VeszprémVeszprém
88%
MiskolcBorsod-Abaúj-Zemplén
86%
SzombathelyVas
85%
Budapest (Község)Budapest
83%
KecskemétBács-Kiskun
82%
EgerHeves
82%
SzolnokJász-Nagykun-Szolnok
82%
PécsBaranya
79%
DebrecenHajdú-Bihar
79%
SalgótarjánNógrád
79%
SzekszárdTolna
76%
TatabányaKomárom-Esztergom
75%
NyíregyházaSzabolcs-Szatmár-Bereg
75%
KaposvárSomogy
73%
SzegedCsongrád-Csanád
72%

Score Distribution

Percentile by Number Answered

Percent of People with Each Score

Your Score History

You have not taken this quiz